🌍☆Blízký východ☆ - Statistics

General Stats
  • This quiz has been taken 31 times
  • The average score is 6 of 15
Answer Stats
Question Answer % Correct
Který z těchto států NEMÁ hlavní zisk příjmu z těžby ropy? Izrael
88%
Co z níže uvedeného NENÍ teroristickou organizací? Mosad
82%
Která země je již několik let v občanské válce, kdy proti sobě stojí Hútíové, Hádíové, Islámský stát a Al-Kájda? Jemen
53%
Jak se jmenuje ostrov, který spadá pod výše zmíněnou zemi, a který je relativně bezpečný. Je slavný například velkým množstvím endemitů, mezi nimi i slavný dračinec. Sokotra
53%
Co z uvedeného NENÍ odnož Islámu? Sūrāyē (Asyřané)
53%
Kdo z níže uvedených nebyl prezidentem Egypta? al-Assad
41%
Ve kterém z těchto států se NEPOKUSILI Palestinci svrhnout nebo zavraždit představitele daného státu? Saudská Arábie
41%
Kterou z těchto arabsko-izraelských válek jako jedinou začal Izrael, jako preventivní útok vůči arabským státům, které poslaly své armády k jeho hranicím? Šestidenní válka
41%
Který z těchto národů NENÍ semitský? Berbeři
35%
Ve kterém z těchto měst NEPROBĚHLA v posledních letech válka? Tehrán
35%
Jediným státem, kde roku 2011 uspělo takzvané Arabské jaro a nastala jeho demokratizace, byl(a/o): ... Tunisko
35%
Která z těchto moderních válek má nejvíce obětí? Proslavila se i tím, že zde ve velkém bojovali dětští vojáci a byl zde používán bojový plyn. Irácko-Iránská válka (1980-1988)
29%
Který stát má nejsilnější měnu na světě? Kuvajt
24%
Kterou zemi roku 2011 napadla vojska Severoatlantické aliance (NATO) ve snaze svrhnout tamějšího diktátora? Libye
24%
Který stá vznikl sloučením Hidžázu a Nádždu? Saudská Arábie
12%
No matching quizzes found
Score Distribution
Percent of People with Each Score
Percentile by Number Answered
Your Score History
You have not taken this quiz